[Event "Almeria 2nd"]
[Site "Almeria"]
[Date "2007.??.??"]
[Round "1"]
[White "Martinez Garcia, Diego Jesus"]
[Black "Lozano Vita, Jesus"]
[Result "1-0"]
[WhiteElo "2127"]
[BlackElo "1511"]
[PlyCount "63"]
[EventDate "2007.12.06"]
[EventType "tourn"]
[EventRounds "9"]
[EventCountry "ESP"]
[SourceTitle "CBM 121 Extra"]
[Source "ChessBase"]
[SourceDate "2008.01.10"]
[SourceVersion "1"]
[SourceVersionDate "2008.01.10"]
[SourceQuality "1"]

1. b3 e5 2. Bb2 Nc6 3. e3 d6 4. Bb5 Nf6 5. Ne2 a6 6. Bxc6+ bxc6 7. d4 exd4 8. Nxd4 Bb7 9. 0-0 Rb8 10. Nf5 Qd7 11. e4 d5 12. Bxf6 gxf6 13. Re1 Kd8 14. Nc3 Bd6 15. Nxd6 Qxd6 16. Qg4 d4 17. Rad1 Ke7 18. e5 fxe5 19. Rxd4 Qe6 20. Qg5+ Kf8 21. Rxe5 Qg6 22. Rd8+ Kg7 23. Rxb8 Rxb8 24. Qe7 h6 25. Re3 Kh7 26. Ne4 c5 27. Nf6+ Kh8 28. Rg3 Qxc2 29. h3 Bd5 30. Nxd5 Qd1+ 31. Kh2 Qxd5 32. Qf6+ 1-0